000 00632cam a22002293a 4500
001 25572
003 PGUSA
005 20140828083541.0
008 080523s2008||||xxu|||||s|||||000 1 eng d
040 _aPGUSA
_beng
042 _adc
050 4 _aPR
100 1 _aCaine, Hall,
_cSir,
_d1853-1931
245 1 0 _aCapt'n Davy's Honeymoon
_h[electronic resource] /
_cHall, Caine
260 _bProject Gutenberg,
_c2008
506 _aPublic domain in the USA.
516 _aElectronic text
653 _aIsle of Man -- Fiction
830 0 _aProject Gutenberg
_v25572
856 4 0 _uhttp://www.gutenberg.org/ebooks/25572
942 _cEB
999 _c254827
_d254827